000 01478nam a2200157 4500
999 _c512744
_d512744
008 191213b ||||| |||| 00| 0 eng d
100 _aVaddiraju, Anil Kumar
_914510
245 _aE-governance: Learning from Karnataka
260 _bIndian Journal of Public Administration
300 _a65(2), Jun, 2019: p.416-429.
520 _aThe technological changes of the 20th and 21st centuries, the growth of computer technologies, digital technologies and telecommunications have changed the way the state conducts its functions and delivers governance. Whether or not they have improved the welfare function of the state, the way governance is delivered has been altered. In this article, we discuss the application of electronic governance (e-governance) in Karnataka with the help of three case studies. We discuss the cases of land records management in rural and urban areas and initiatives in Bengaluru traffic management. The case studies indicate that e-governance improves service delivery and that there are points to be gleaned from the successful implementation of the same in Karnataka. Finally, we argue that while there is necessity for optimism regarding the application of technology in service-delivery functions, the overall digitisation of economy may be something qualitatively different. - Reproduced.
700 _aManasi, S.
_914511
773 _aIndian Journal of Public Administration
906 _aE-governance - India - Karnataka
942 _2ddc
_cAR